| 000 | 00886cam a2200325 4500 | ||
|---|---|---|---|
| 001 | ABS62310 | ||
| 008 | 000000n2000 000 0 eng u | ||
| 035 | _a(Sirsi) u106340 | ||
| 245 | _aRegional survey: Surrey | ||
| 260 | _c2000 | ||
| 490 |
_aProperty Week _v65(2) 2 June 2000, 60-86(11) |
||
| 590 | _aABS | ||
| 650 | _aSURREY | ||
| 650 | _aGUILDFORD | ||
| 650 | _aPROPERTY-COMMERCIAL PROPERTY-RETAIL PROPERTY-RETAIL PROPERTY MARKET | ||
| 650 | _aSHOPPING CENTRES | ||
| 650 | _aWOKING | ||
| 650 | _aREDHILL | ||
| 650 | _aCAMBERLEY | ||
| 650 | _aREIGATE | ||
| 650 | _aEPSOM | ||
| 650 | _aLEATHERHEAD | ||
| 650 | _aSTAINES | ||
| 650 | _aEGHAM | ||
| 650 | _aCHERTSEY | ||
| 650 | _aWEYBRIDGE | ||
| 650 | _aPROPERTY-COMMERCIAL PROPERTY-OFFICE PROPERTY-OFFICE PROPERTY MARKET | ||
| 690 | _aPROPERTY-COMMERCIAL PROPERTY-COMMERCIAL PROPERTY MARKET | ||
| 942 | _n0 | ||
| 999 |
_c63689 _d63689 |
||